| 000 | 00501cam a22001574a 4500 | ||
|---|---|---|---|
| 020 | _a0538688181 | ||
| 082 | 0 | 0 |
_a005.3 _bPHI _cN-01,P-89 |
| 100 |
_aSprague & Phillips _936784 |
||
| 245 | 0 | 0 |
_aMicrosoft Visual Basic 6.0 : _bIntroduction to programming |
| 260 |
_aAustralia, : _bSouth Western educational publishing, _c2000. |
||
| 300 |
_axviii, 538 p. : _bill. ; _c28 cm. + |
||
| 500 | _a"For exam 70-175." | ||
| 526 |
_a0 _b0 _c0 _d005_300000000000000_PHI |
||
| 650 | 0 |
_aNUST _96342 |
|
| 942 |
_2ddc _cBK |
||
| 999 |
_c541752 _d541752 |
||